000 00810nam a2200241 a 4500
999 _c11254
_d11254
001 11254
003 BD-JhCC
005 20210329134019.0
008 190619s 2016bg |||| ||a| 000 0 ben d
020 _a9789849174370
035 _a(BD-JhCC)11254
040 _aBD-JhCC
_dBD-JhCC
041 _aben
082 _a510
_bSHA 2016
100 _aসাহা, সৌমেন
245 _aআমার প্রথম গণিত বই /
_cসৌমেন সাহা, সৌমিত্র চক্রবর্তী ।
260 _aঢাকা:
_bপান্ডুলিপি;
_c২০১৬.
300 _a২৫৬ পৃ . :
_c২২ সেমি.
650 _aMahtematics
700 _aচক্রবর্তী, সৌমিত্র
942 _2ddc
_cBK
_02